<?xml version="1.0" encoding="UTF-8"?>
<marc:record xmlns:marc="http://www.loc.gov/MARC21/slim">
   <marc:leader>00000nam a2200000 a 4500</marc:leader>
   <marc:datafield ind1=" " ind2=" " tag="653">
      <marc:subfield code="a">Sagen</marc:subfield>
   </marc:datafield>
   <marc:datafield ind1=" " ind2=" " tag="653">
      <marc:subfield code="a">Volkssagen</marc:subfield>
   </marc:datafield>
   <marc:datafield ind1=" " ind2=" " tag="653">
      <marc:subfield code="a">Deutsche Volkssagen</marc:subfield>
   </marc:datafield>
   <marc:datafield ind1="0" ind2="0" tag="245">
      <marc:subfield code="a">Deutsche Volkssagen</marc:subfield>
   </marc:datafield>
   <marc:datafield ind1=" " ind2="1" tag="264">
      <marc:subfield code="a">Stuttgart</marc:subfield>
      <marc:subfield code="b">Magnus Verlag</marc:subfield>
   </marc:datafield>
   <marc:datafield ind1="1" ind2=" " tag="520">
      <marc:subfield code="a">Kein Geschichtsbuch, keine historische Quelle  vermag einen so tiefen Einblick in die Seele  eines Volkes zu gewähren wie jene Sagen, die  sich ein Volk von Generation zu Generation in  mündlicher Überlieferung weitergereicht hat.  Da ist die Rede von Geistern und verzauberten  Feen, von Drachen und Lindwürmern, Werwölfen  und Vampiren, von Verwandlungen und  Heimsuchungen des Teufels, aber auch vom  wuntertätigen Wirken der Heiligen, die  allenthalben ihre Spuren hinterlassen und  manchen Klöstern und Gegenständen davon ihren  Namen gegeben haben.#</marc:subfield>
   </marc:datafield>
   <marc:datafield ind1=" " ind2=" " tag="020">
      <marc:subfield code="a">9783884001578</marc:subfield>
      <marc:subfield code="9">9783884001578</marc:subfield>
   </marc:datafield>
   <marc:datafield ind1=" " ind2=" " tag="041">
      <marc:subfield code="a">ger</marc:subfield>
   </marc:datafield>
   <marc:datafield ind1=" " ind2=" " tag="300">
      <marc:subfield code="a">414 S.</marc:subfield>
   </marc:datafield>
</marc:record>
